Capitales avec la lettre T comme troisième lettre - Statistiques

Statistiques générales
  • Ce quiz a été pris 107 fois
    77 depuis la dernière actualisation
  • Le résultat moyen est 3 sur 6
Statistiques - réponses
Réponse % Correct
Ottawa
90%
Antananarivo
64%
Katmandou
56%
Vatican
54%
Astana
46%
Gitega
36%
Aucun quiz correspondant
Distribution des résultats
% des personnes avec chaque résultat
Percentile par nombre de réponses
Votre historique - résultats
Vous n’avez pas pris ce quiz depuis la dernière actualisation